Softball Quiz - Statistics

General Stats
  • This quiz has been taken 1,804 times
  • The average score is 14 of 18
Answer Stats
Hint Answer % Correct
Pitcher
98%
Positions 1st Base
97%
2nd Base
97%
3rd Base
97%
Catcher
97%
Left Field
96%
Right Field
96%
Short Stop
96%
Center Field
94%
Curve Ball
90%
Types of Pitches Fast Ball
85%
Change-Up
82%
Rise Ball
78%
Drop Ball
77%
Screw Ball
70%
Knuckle Ball
37%
2015 World Series Champion Florida Gators
32%
Two Seam
12%
No matching quizzes found
Score Distribution
Percent of People with Each Score
Percentile by Number Answered
Your Score History
You have not taken this quiz